| 000 | 00410pab a2200157 454500 | ||
|---|---|---|---|
| 008 | 180718b xxu||||| |||| 00| 0 eng d | ||
| 100 | _aGupta, Narendra | ||
| 245 | _aHealth of women and children in Rajasthan | ||
| 650 | _a Women | ||
| 650 | _a Health Care | ||
| 650 | _a Children | ||
| 650 | _aHealth Care - India - Rajasthan | ||
| 700 | _aOthers | ||
| 773 | _aEconomic and political Weekly | ||
| 909 | _a23034 | ||
| 999 |
_c23034 _d23034 |
||